000 00863naa a22002057i 4500
001 232415
003 ES-MaBCM
005 20260219172043.0
008 260219s2023 sp ||||| |||| 00| 0 spa d
040 _cES-MaBCM
100 1 _aQuispe Remón, Florabel
_991692
245 1 3 _aEl derecho internacional de los derechos humanos :
_bel ius cogens y su relación con las salvaguardias para proteger los derechos de las personas condenadas a muerte
_cFlorabel Quispe Remón
500 _aContiene tablas
504 _aIncluye referencias bibliográficas
650 7 _aDerecho internacional humanitario
_958328
650 7 _aDerecho del individuo
_958361
650 7 _aPena de muerte
_959744
773 0 _dValencia : Tirant lo Blanch , 2023
_gp. [193]-221 - Loc. 62618
_tLa crueldad en las constituciones y en los convenios internacionales
_w225307
942 _2udc
_cAMON
999 _c232415
_d232415